000 00350nam a2200181Ia 4500
100 _aHeath/Steve
650 _aEmbedded
250 _a2
942 _cBK
366 _f20
654 _aembedded
245 _aEmbedded system design
260 _bNewnes
_c2003
082 _a3.3
_bHEA
300 _a430
546 _aENGLISH
_cTTL
999 _c19041
_d19041